Cocktail Ingredients #2 - Statistics

General Stats
  • This quiz has been taken 39 times
  • The average score is 15 of 26
Answer Stats
Hint Answer % Correct
Moscow Mule Vodka
97%
Sex on the Beach Vodka
97%
Sex on the Beach Orange Juice
95%
Mimosa Orange Juice
95%
Irish Coffee Coffee
92%
Manhattan Rye Whiskey
92%
Irish Coffee Cream
76%
Grasshopper Cream
76%
Negroni Gin
76%
Pisco Sour Lemon Juice
66%
Moscow Mule Lime Juice
66%
Manhattan Angostura Bitters
50%
Moscow Mule Ginger Beer
47%
Irish Coffee Sugar
47%
Manhattan Sweet Red Vermouth
47%
Negroni Sweet Red Vermouth
47%
Irish Coffee Irish Whiskey
42%
Mimosa Prosecco
42%
Sex on the Beach Cranberry Juice
39%
Grasshopper Creme de Menthe
37%
Negroni Bitter Campari
34%
Pisco Sour Egg White
24%
Sex on the Beach Peach Schnapps
24%
Pisco Sour Pisco
24%
Pisco Sour Simple Syrup
24%
Grasshopper Creme de Cacao
13%
No matching quizzes found
Score Distribution
Percent of People with Each Score
Percentile by Number Answered
Your Score History
You have not taken this quiz